000 00714cam a2200145 4500500
005 20260208020854.0
041 _afre
042 _adc
100 1 0 _aHartmann, Pierre
_eauthor
245 0 0 _aL’Icosathèque 17 : Mécislas Golberg kaléidoscope. Textes réunis et présentés par CATHERINE COQUIO. Paris-Caen, Lettres modernes Minard, « La Revue des lettres modernes : l’icosathèque (20th) », 2000. Un vol. 13,5 × 19 de 192 p.
260 _c2003.
500 _a85
786 0 _nRevue d'histoire littéraire de la France | 103 | 1 | 2003-03-01 | p. 193o-239o | 0035-2411
856 4 1 _uhttps://shs.cairn.info/revue-d-histoire-litteraire-de-la-france-2003-1-page-193o?lang=fr&redirect-ssocas=7080
999 _c1661089
_d1661089